Catálogo

Alicia, la piñata y una serie de problemas / (Registro nro. 68857)

Detalles MARC
000 -LEADER
fixed length control field 01342nam a2200349 i 4500
001 - CONTROL NUMBER
control field 68857
003 - CONTROL NUMBER IDENTIFIER
control field Mx-PuUPA
005 - DATE AND TIME OF LATEST TRANSACTION
control field 20220302075614.0
008 - FIXED-LENGTH DATA ELEMENTS--GENERAL INFORMATION
fixed length control field 200420s20 2016mx a br 001 1 spa d
020 ## - INTERNATIONAL STANDARD BOOK NUMBER
International Standard Book Number 9786072421707
022 ## - INTERNATIONAL STANDARD SERIAL NUMBER
International Standard Serial Number 9789687791760 de la colección El barco de vapor
040 ## - CATALOGING SOURCE
Original cataloging agency Mx-PuUPA
Language of cataloging spa
Transcribing agency Mx-PuUPA
Modifying agency Mx-PuUPA
Description conventions rda
041 0# - LANGUAGE CODE
Language code of text/sound track or separate title spa
100 1# - MAIN ENTRY--PERSONAL NAME
9 (RLIN) 10737
Personal name Dehesa, Juana Inés,
Dates associated with a name 1977-
Relator term autor
245 ## - TITLE STATEMENT
Title Alicia, la piñata y una serie de problemas /
Statement of responsibility, etc. Juana Inés Dehesa ; ilustraciones de Mariana Villanueva Segovia.
250 ## - EDITION STATEMENT
Edition statement Segunda edición
264 31 - PRODUCTION, PUBLICATION, DISTRIBUTION, MANUFACTURE, AND COPYRIGHT NOTICE
Place of production, publication, distribution, manufacture Ciudad de México :
Name of producer, publisher, distributor, manufacturer Ediciones SM,
Date of production, publication, distribution, manufacture, or copyright notice 2016
300 ## - PHYSICAL DESCRIPTION
Extent 142 páginas :
Other physical details ilustraciones,
Dimensions 19 cm.
336 ## - CONTENT TYPE
Fuente rdacontent
Content type term texto
Content type code txt
337 ## - MEDIA TYPE
Source rdamedia
Media type term sin medio
Media type code n
338 ## - CARRIER TYPE
Source rdacarrier
Carrier type term volumen
Carrier type code nc
490 1# - SERIES STATEMENT
Series statement El barco de vapor. Naranja ;
Volume/sequential designation 68 M
International Standard Serial Number 9789687791760
650 14 - SUBJECT ADDED ENTRY--TOPICAL TERM
Topical term or geographic name entry element Literatura mexicana
Form subdivision Ficción infantil
650 14 - SUBJECT ADDED ENTRY--TOPICAL TERM
Topical term or geographic name entry element Humor
Form subdivision Ficción infantil
650 14 - SUBJECT ADDED ENTRY--TOPICAL TERM
Topical term or geographic name entry element Fiestas infantiles
Form subdivision Ficción infantil
700 1# - ADDED ENTRY--PERSONAL NAME
Personal name Villanueva Segovia, Mariana,
Relator term ilustrador
830 #3 - SERIES ADDED ENTRY--UNIFORM TITLE
Uniform title El barco de vapor.
Name of part/section of a work Naranja ;
Volume/sequential designation 68 M
International Standard Serial Number 9789687791760
942 ## - ADDED ENTRY ELEMENTS (KOHA)
Source of classification or shelving scheme Dewey Decimal Classification
Koha item type Libro
Classification part 808.8035234
Item part B2968
Existencias
Withdrawn status Lost status Source of classification or shelving scheme Damaged status Not for loan Collection code Home library Current library Shelving location Date acquired Source of acquisition Cost, normal purchase price Total Checkouts Full call number Barcode Date last seen Cost, replacement price Price effective from Koha item type
    Dewey Decimal Classification     Infantil Biblioteca Karol Wojtyla Biblioteca Karol Wojtyla Área de silencio 20/08/2021 1 138.00   808.8035234 B2968 2016 101230 05/01/2026 138.00 20/08/2021 Libro infantil